000 00861nam a2200265Ia 4500
001 Z_2973
008 220601s9999 xx 000 0 und d
020 _a968-426-311-3
082 _a636.5089 G67
100 _aGordon, R. F.
_950026
245 _aEnfermedades de las aves / R. F. Gordon; coautor F. T. W. Jordan
250 _a2a ed.
260 _aMéxico : El Manual Moderno
300 _a383 p.
500 _aTraducción de la 2 ed. en inglés de 1982 la bibioteca cuenta con la 3a reimpresión de 1991
503 _aej.1: ?, ej.2: reposición del 118144
504 _aIncluye índice
650 _a1. Aves de corral - Enfermedades
_9179999
700 _aI. Jordan, F. T. W., coaut.Ì
_9180000
901 _a636.5089 G67
902 _aM
905 _a000000[1985] mx adn 0000000000spa00
942 _c1
999 _c216892
_d216892